A study of the 1/2 d. Kangaroo 1938-1956 (Record no. 2567)

000 -LEADER
fixed length control field 00354nam a22000977a 4500
008 - FIXED-LENGTH DATA ELEMENTS--GENERAL INFORMATION
fixed length control field 171204b xxu||||| |||| 00| 0 eng d
100 ## - MAIN ENTRY--AUTHOR'S NAME
Author's Name Commonwealth Specialist Research Group (N.S.W.)
245 ## - TITLE STATEMENT
Title A study of the 1/2 d. Kangaroo 1938-1956
260 ## - PUBLICATION, DISTRIBUTION, ETC. (IMPRINT)
Place of publication, distribution, etc. Sydney?
Name of publisher, distributor, etc. The Commonwealth Specialists' and Stationary Collectors Club (Sydney)
Date of publication, distribution, etc. 1956?
650 ## - TOPICAL TERM (Tag)
Topical term or geographic name Kangaroo
Holdings
Withdrawn status Lost status Source of classification or shelving scheme Damaged status Koha normalized classification for sorting Not for loan Permanent Location Current Location Shelving location Date acquired Total Checkouts Full call number Barcode Date last seen Copy number Price effective from
        G8961 D313 C734   Northern Philatelic Library Northern Philatelic Library Closed Stacks 12/04/2017   G8961 D313 C734 1002836 12/04/2017 1 12/04/2017

Powered by Koha